Zákon č. 311/2001 Z. z. Zákonníkpráce s komentárom

Komentár k Zákonníku práce, ktorého súčasťou je množstvo príkladov, judikátov, právnych pohľadov a situácií z praxe. Komentár je aktuálny k 1. 1. 2026.

Guardado en:
Detalles Bibliográficos
Autor principal: Toman, Jozef
Formato: Capítulo de libro
Lenguaje:eslovaco
Materias:
Etiquetas: Agregar Etiqueta
Sin Etiquetas, Sea el primero en etiquetar este registro!

MARC

LEADER 00000naa a2200000 4500
001 0315141
005 20260225114410.2
041 0 |a slo 
044 |a SK 
245 1 0 |a Zákon č. 311/2001 Z. z. Zákonníkpráce s komentárom  |c Jozef Toman 
520 |a Komentár k Zákonníku práce, ktorého súčasťou je množstvo príkladov, judikátov, právnych pohľadov a situácií z praxe. Komentár je aktuálny k 1. 1. 2026. 
610 2 0 |a zákony 
610 2 0 |a zákonník práce 
610 2 0 |a legislatíva 
610 2 0 |a právo pracovné 
100 1 |a Toman, Jozef